Susan's journey : (Record no. 2510)
[ view plain ]
| 000 -LEADER | |
|---|---|
| fixed length control field | 01503cam a2200337 a 4500 |
| 005 - DATE AND TIME OF LATEST TRANSACTION | |
| control field | 20231213143350.0 |
| 020 ## - INTERNATIONAL STANDARD BOOK NUMBER | |
| International Standard Book Number | 0060852380 (trade bdg.) |
| 020 ## - INTERNATIONAL STANDARD BOOK NUMBER | |
| International Standard Book Number | 9780007739226 |
| 020 ## - INTERNATIONAL STANDARD BOOK NUMBER | |
| International Standard Book Number | 0060852372 (pbk.) |
| 020 ## - INTERNATIONAL STANDARD BOOK NUMBER | |
| International Standard Book Number | 9780060852382 |
| 020 ## - INTERNATIONAL STANDARD BOOK NUMBER | |
| International Standard Book Number | 9780060852375 |
| 040 ## - CATALOGING SOURCE | |
| Original cataloging agency | OCO |
| Transcribing agency | OCO |
| Modifying agency | BAKER |
| -- | DLC |
| Language of cataloging | eng |
| 050 00 - LIBRARY OF CONGRESS CALL NUMBER | |
| Classification number | PZ7.G8636 |
| Item number | Sus 2005 |
| 082 00 - DEWEY DECIMAL CLASSIFICATION NUMBER | |
| Classification number | 823.92 |
| Edition number | 22 |
| 100 1# - MAIN ENTRY--PERSONAL NAME | |
| Personal name | Lewis C. S. |
| 245 10 - TITLE STATEMENT | |
| Title | Susan's journey : |
| Remainder of title | step through the wardrobe / |
| 246 30 - VARYING FORM OF TITLE | |
| Title proper/short title | Step through the wardrobe |
| 260 ## - PUBLICATION, DISTRIBUTION, ETC. | |
| Place of publication, distribution, etc. | London : |
| Name of publisher, distributor, etc. | HarperCollins Publishers, |
| Date of publication, distribution, etc. | 2005 |
| 300 ## - PHYSICAL DESCRIPTION | |
| Extent | 82 pages : |
| Other physical details | illustrations ; map ; |
| Dimensions | 21 cm |
| 490 0# - SERIES STATEMENT | |
| Series statement | The chronicles of Narnia |
| 505 ## - FORMATTED CONTENTS NOTE | |
| Formatted contents note | Z |
| 520 ## - SUMMARY, ETC. | |
| Summary, etc. | our new chapter books will lead readers through the wardrobe and into the magical and wondrous world of Narnia. Each book tells the story of The Lion, the Witch and the Wardrobe, from the perspective of one of the four Pevensie heroes: Peter, Susan, Edmund, and Lucy. All four titles feature a movie image on the cover and are fully illustrated in black-and-white, with photographs and artwork from the film The Chronicles of Narnia: The Lion, the Witch and the Wardrobe by Walt Disney Pictures and Walden Media. |
| 521 1# - TARGET AUDIENCE NOTE | |
| Target audience note | 900 |
| Source | Lexile estimate |
| 521 1# - TARGET AUDIENCE NOTE | |
| Target audience note | Z |
| Source | Raz-Plus |
| 650 #0 - SUBJECT ADDED ENTRY--TOPICAL TERM | |
| Topical term or geographic name entry element | Narnia (Imaginary place) |
| Form subdivision | Juvenile fiction. |
| 650 #0 - SUBJECT ADDED ENTRY--TOPICAL TERM | |
| Topical term or geographic name entry element | Fantasy fiction, English. |
| 650 #0 - SUBJECT ADDED ENTRY--TOPICAL TERM | |
| Topical term or geographic name entry element | Children's stories, English. |
| 906 ## - LOCAL DATA ELEMENT F, LDF (RLIN) | |
| a | 7 |
| b | cbc |
| c | copycat |
| d | 2 |
| e | ncip |
| f | 20 |
| g | y-gencatlg |
| 942 ## - ADDED ENTRY ELEMENTS (KOHA) | |
| Source of classification or shelving scheme | Dewey Decimal Classification |
| Koha item type | Books |
| Suppress in OPAC | No |
| 999 ## - | |
| -- | 2510 |
| -- | 2510 |
| Withdrawn status | Lost status | Source of classification or shelving scheme | Damaged status | Not for loan | Collection | Home library | Current library | Shelving location | Date acquired | Total Checkouts | Full call number | Barcode | Date last seen | Date last checked out | Price effective from | Koha item type |
|---|---|---|---|---|---|---|---|---|---|---|---|---|---|---|---|---|
| Dewey Decimal Classification | Fiction | Footprints International School Library Network Toul Tom Poung Campus | Footprints International School Library Network Toul Tom Poung Campus | TTP Secondary Fiction Bookshelves | 12/13/2023 | 1 | LEW 823.92 PZ7.G8636 | FIS00430 | 11/14/2025 | 01/08/2024 | 12/13/2023 | Books |
